Zgadnij piłkarzy po ich karierze #3 - Statystyki

Ogólne statystyki
  • Ten quiz został rozwiązany 95 razy
  • Średni wynik to 6 z 10
Statystyki odpowiedzi
Piłkarze Drużyny % Poprawnych
Neymar
99%
Robert Lewandowski
97%
Andrés Iniesta
87%
Gianluigi Buffon
81%
Pelé
79%
Sergio Aguero
65%
Frank Lampard
44%
Edwin van der Sar
35%
Alessandro Nesta
27%
Roy Keane
26%
Nie znaleziono quizów pasujących do podanych kryteriów
Rozkład punktacji
Procent ludzi z każdym wynikiem
Percentyl według liczby udzielonych odpowiedzi
Twoja historia wyników
Nie rozwiązałeś tego quizu